Statistics for Tears of the Kingdom Armor Sets & Pieces

Click here to take the quiz!

General Stats

  • This quiz has been taken 58 times
  • The average score is 29 of 59

Answer Stats

HintAnswer% Correct
Glide Mobility Up
FS-Impact Proof
Glide
92%
Sneak Up
FS-Y--a Clan Disguise
Yiga
83%
Swim Speed Up
FS-Swim Dash Stamina Up
Zora
83%
Shock Resistance
FS-Unshockable
Rubber
78%
Attack Up
FS-Charge Attack Stamina Up
Barbarian
72%
Flame Resistance
FS-Flameproof
Flamebreaker
72%
Climb Speed Up
FS-Climbing Jump Stamina Up
Climbing
69%
Glow
FS-Even More Glow
Miner's
69%
B------n DisguiseBokoblin Mask
67%
L------s DisguiseLizalfos Mask
67%
L---l DisguiseLynel Mask
67%
Invisible to Most EnemiesMajora's Mask
67%
FS-Night Speed UpDark
64%
Heat Resistance
FS-Shock Damage Resistance
Desert Voe
64%
M----n DisguiseMoblin Mask
64%
Slip Resistance
FS-Slip Proof
Froggy
61%
H-------n DisguiseHorriblin Mask
61%
Attack UpPhantom
61%
Cold Resistance Up
FS-Unfreezable
Snowquill
61%
Sand Speed UpSand Boots
58%
Snow Speed UpSnow Boots
58%
Stealth Up
FS-Night Speed Up
Stealth
58%
FS-Attack UpArmor of the Sky
53%
FS-Attack UpArmor of the Wind
53%
Attack Up
FS-Charge Attack Stamina Up
Fierce Deity
53%
Shakes Near K---kKorok Mask
53%
FS-Stal Disguise
FS-Bone Attack Up
Radiant
53%
FS-Attack UpArmor of Time
50%
FS-Attack UpArmor of Twilight
50%
Rupee PaddingMystic
50%
Gloom Resistance
FS-Even More Gloom Resistance
Depths
47%
FS-Attack UpArmor of the Hero
44%
FS-Attack UpArmor of the Wild
44%
Master Sword Beams w/o Full HealthChampion's Leathers
42%
Stealth Up
FS-Disguise; Bone Weapon Up
Evil Spirit
42%
UnfreezableZant's Helm
42%
Energy (Battery) Up
FS-Energy Recharge Up
Zonaite
42%
Hot Weather Damage Up
FS-Hot Weather Charge
Ember
39%
Lightning ProofLightning Helm
39%
Sideways Climbing Speed UpRavio's Hood
36%
FS-Attack UpArmor of Awakening
33%
Stormy Weather Damage Up
FS-Stormy Weather Charge
Charged
33%
Gloom ResistanceMidna's Helm
33%
Cold ResistanceRuby Circlet
33%
Shock ResistanceTopaz Earrings
33%
Attack UpDiamond Circlet
31%
Cold Weather Damage Up
FS-Cold Weather Charge
Frostbite
31%
Swim Speed UpOpal Earrings
31%
FS-Night Speed Up; NPC ReactionsTingle
31%
Heat ResistanceSapphire Circlet
28%
Stealth UpSheik's Mask
28%
Cold Resistance; Strengthen TulinVah Medoh Divine Helm
28%
Shock Resistance; Strengthen RijuVah Naboris Divine Helm
28%
Flame Guard; Strengthen YunoboVah Rudania Divine Helm
28%
NPC ReactionsCece Hat
25%
Swim Speed Up; Strengthen SidonVah Ruta Divine Helm
25%
U-Master Sword Beam UpAncient Hero's Aspect
19%
Heat ResistanceIsland Lobster Shirt
14%
Cold ResistanceArchaic Warm Greaves
11%

Score Distribution

Percentile by Number Answered

Percent of People with Each Score

Your Score History

You have not taken this quiz